| 000 | 00380nam a2200145Ia 4500 | ||
|---|---|---|---|
| 008 | 130318s9999 xx 000 0 und d | ||
| 020 | _a8131700836 | ||
| 082 | _a005.8 HOG/E | ||
| 100 | _aHoglund, Greg | ||
| 245 | _aExploiting software: How to break code | ||
| 260 |
_bPearson Education _aNew Delhi _c2006 |
||
| 300 | _a471 | ||
| 650 | _aCOMPUTER SECURITY | ||
| 700 | _aMcGraw, Gary | ||
| 999 |
_c1249 _d1249 |
||